000 00418nam a2200169Ia 4500
005 20250603144636.0
008 250603s9999 xx 000 0 und d
020 _a9780199287567
050 _aKN 10 .F9/
100 _aFurmston, M.P.
245 0 _aCheshire, Fifoot and Furmston’s law of cantract
250 _a15th ed.
260 _bOxford University Press
260 _c2007
300 _a828 p
942 _cBK
999 _c39519
_d39519